| 000 | 00755nam a2200229 a 4500 | ||
|---|---|---|---|
| 005 | 20140310183427.0 | ||
| 008 | 071127s19uu xx 00 eng d | ||
| 020 | _a13:9781843104407 | ||
| 050 |
_aLC 4717.5 _b.L86 2006 |
||
| 100 | _aLundine, Vicki | ||
| 245 |
_aCareer training and personal planning for students with autism spectrum disorders : _ba practical resource for schools / _cVicki Lundine |
||
| 260 |
_aLondon : _bJessica Kingsley Pub, _c2006. |
||
| 300 |
_a191 p. : _bill. ; _c31 cm. |
||
| 521 | _aEDU | ||
| 650 |
_aAutistic youth _xEducation. |
||
| 650 |
_aAutistic youth _xEmployment. |
||
| 650 | _aCareer education. | ||
| 650 |
_aSchool _xto work _xtransition. |
||
| 700 | _aSmith, Catherine | ||
| 942 |
_cBK _2lcc _kFOR |
||
| 999 |
_c22660 _d22660 |
||